<?xml version="1.0" encoding="UTF-8"?>
<record
    xmlns:xsi="http://www.w3.org/2001/XMLSchema-instance"
    xsi:schemaLocation="http://www.loc.gov/MARC21/slim http://www.loc.gov/standards/marcxml/schema/MARC21slim.xsd"
    xmlns="http://www.loc.gov/MARC21/slim">

  <leader>00856nam a22002057a 4500</leader>
  <controlfield tag="005">20260123141929.0</controlfield>
  <controlfield tag="008">260121b        |||||||| |||| 00| 0 eng d</controlfield>
  <datafield tag="020" ind1=" " ind2=" ">
    <subfield code="a">9789392116766</subfield>
  </datafield>
  <datafield tag="040" ind1=" " ind2=" ">
    <subfield code="c">AL</subfield>
  </datafield>
  <datafield tag="041" ind1=" " ind2=" ">
    <subfield code="a">Kannada</subfield>
  </datafield>
  <datafield tag="082" ind1=" " ind2=" ">
    <subfield code="a">158.1K</subfield>
    <subfield code="b">RAOB</subfield>
  </datafield>
  <datafield tag="100" ind1=" " ind2=" ">
    <subfield code="a">Addoor Krishna Rao</subfield>
    <subfield code="9">252392</subfield>
  </datafield>
  <datafield tag="100" ind1=" " ind2=" ">
    <subfield code="a"> &#xC85;&#xCA1;&#xCCD;&#xCA1;&#xCC2;&#xCB0;&#xCC1; &#xC95;&#xCC3;&#xCB7;&#xCCD;&#xCA3;&#xCB0;&#xCBE;&#xCB5;&#xCCD;</subfield>
    <subfield code="9">252393</subfield>
  </datafield>
  <datafield tag="245" ind1=" " ind2=" ">
    <subfield code="a">Baduku belagisuva kathe: Vyaktitva vikasanakke jivana drushtantagalu</subfield>
    <subfield code="b">&#xCAC;&#xCA6;&#xCC1;&#xC95;&#xCC1; &#xCAC;&#xCC6;&#xCB3;&#xC97;&#xCBF;&#xCB8;&#xCC1;&#xCB5; &#xC95;&#xCA4;&#xCC6;&#xC97;&#xCB3;&#xCC1; : &#xCB5;&#xCCD;&#xCAF;&#xC95;&#xCCD;&#xCA4;&#xCBF;&#xCA4;&#xCCD;&#xCB5; &#xCB5;&#xCBF;&#xC95;&#xCB8;&#xCA8;&#xC95;&#xCCD;&#xC95;&#xCC6; &#xC9C;&#xCC0;&#xCB5;&#xCA8; &#xCA6;&#xCC3;&#xCB7;&#xCCD;&#xC9F;&#xCBE;&#xC82;&#xCA4;&#xC97;&#xCB3;&#xCC1; </subfield>
  </datafield>
  <datafield tag="260" ind1=" " ind2=" ">
    <subfield code="a">Mangaluru</subfield>
    <subfield code="b">Aakrithi Aashaya Publications</subfield>
    <subfield code="c">2025</subfield>
  </datafield>
  <datafield tag="300" ind1=" " ind2=" ">
    <subfield code="a">120p.</subfield>
    <subfield code="b">PB</subfield>
    <subfield code="c">21x14cm.</subfield>
  </datafield>
  <datafield tag="365" ind1=" " ind2=" ">
    <subfield code="a">127</subfield>
    <subfield code="b">&#x20B9;135.00</subfield>
    <subfield code="c">&#x20B9;</subfield>
    <subfield code="d">&#x20B9;150.00</subfield>
    <subfield code="f">16-01-2026</subfield>
  </datafield>
  <datafield tag="650" ind1=" " ind2=" ">
    <subfield code="a">Stories for Personality Development</subfield>
    <subfield code="9">252039</subfield>
  </datafield>
  <datafield tag="942" ind1=" " ind2=" ">
    <subfield code="2">ddc</subfield>
    <subfield code="c">BK</subfield>
  </datafield>
  <datafield tag="999" ind1=" " ind2=" ">
    <subfield code="c">240805</subfield>
    <subfield code="d">240805</subfield>
  </datafield>
  <datafield tag="952" ind1=" " ind2=" ">
    <subfield code="0">0</subfield>
    <subfield code="1">0</subfield>
    <subfield code="2">ddc</subfield>
    <subfield code="4">0</subfield>
    <subfield code="7">0</subfield>
    <subfield code="8">KAN</subfield>
    <subfield code="a">AL</subfield>
    <subfield code="b">AL</subfield>
    <subfield code="c">SK</subfield>
    <subfield code="d">2026-01-21</subfield>
    <subfield code="e">Aakrithi Aashaya Publications, Mangaluru-575001</subfield>
    <subfield code="g">135.00</subfield>
    <subfield code="l">1</subfield>
    <subfield code="m">1</subfield>
    <subfield code="o">158.1K RAOB</subfield>
    <subfield code="p">078057</subfield>
    <subfield code="r">2026-02-21 09:25:08</subfield>
    <subfield code="s">2026-02-04</subfield>
    <subfield code="v">150.00</subfield>
    <subfield code="w">2026-01-16</subfield>
    <subfield code="y">BK</subfield>
  </datafield>
</record>
